Programa de computación para el presupuesto de edificios bajos

Збережено в:
Бібліографічні деталі
Автор: Jiménez Morales, José Alberto
Формат: Невідомо
Опубліковано: [San José, Costa Rica] 1980
Предмети:
Теги: Додати тег
Немає тегів, Будьте першим, хто поставить тег для цього запису!

MARC

LEADER 00000 a2200000 4500
003 001201
005 20221231143740.0
008 140114s1980 c a m 000 ||s d
040 |c cru CEDI 
090 |a TFG 958 
100 |a Jiménez Morales, José Alberto  |9 16003 
245 |a Programa de computación para el presupuesto de edificios bajos 
260 |c 1980  |a  [San José, Costa Rica] 
300 |a  48 hojas ; 27 cm  
500 |a  Proyecto final para graduación (ingeniero civil)--Universidad de Costa Rica.  
650 |x CONSTRUCCION   |x PRESUPUESTOS   |x PROGRAMAS PARA COMPUTADORA  |9 13118 
942 |c TFG 
999 |c 11227  |d 11227